| 000 | 00570nam a2200169 a 4500 | ||
|---|---|---|---|
| 003 | PILC | ||
| 005 | 20150112093443.0 | ||
| 008 | 100727s19uu xx 00 eng d | ||
| 050 |
_aND 1029.L35 _b.D84 2005 |
||
| 082 |
_aSFf 759.9599 _bD88 2005 |
||
| 100 |
_aDuldulao, Manuel D. _918972 |
||
| 245 |
_aPrudencio Lamarroza : _bHis life and art / _cManuel D. Duldulao |
||
| 260 |
_aDagupan City, Philippines : _bUniversity of Pangasinan, _c2005. |
||
| 300 |
_a179 pages : _bcolored illustration ; _c28 cm. |
||
| 650 |
_aArtworks - Philippine artist _920746 |
||
| 942 |
_2lcc _cBK |
||
| 999 |
_c14806 _d14806 |
||